000 00836cam a22002054a 4500
005 20250605163921.0
008 250528s ||||||||||||||||||||||||d
035 _a14386
040 _aGR-AtMCL
_bgre
_dGR-AtMCL
_eAACR2
245 1 _aConsumer Demand in the United States / Second and Enlarged Edition
250 _a2nd
260 _c1965
300 _a326
520 _aIntroduction, The Economic Background, Problems of Estimation and Projection, Demand Equations for Individual Items of Expenditure, Discussion of the Demand Equations and Projections, An Additive Dynamic Model, Evidence from the 1960-1961 Household Survey, The Dynamics of Total Consumption and Saving, Evaluation, Data Sources, References, Index.
700 1 _aHouthakker
_927
700 1 _aTaylor J. P
_928
942 _cBK
999 _c20
_d20